• 首页
  • 本馆介绍
  • 公告通知
  • 最新文献
  • 馆藏检索
  • 电子资源
  • 读者导购
  • 参考咨询
  • 我的图书馆
  • 登录
  • 详细信息显示
  • 放入我的书架
  • 预约/预借图书
  • 作者相关作品
  • 分类相关作品
  • 丛书相关作品
  • 出版社相关作品

书目信息

  • 表格格式
  • 工作单格式
  • 卡片格式
题名:
电子管电视接收机检修
    
 
作者: 郑浩 , 魏华 编
分册:  
出版信息: 北京   人民邮电出版社  1981
页数: 312页
开本: 19cm
丛书名: 无线电爱好者丛书
单 册:
中图分类: TN949.7 , TN949.1
科图分类:
主题词: 电视--各种体制 , 电子管-电视接收机--检修 , 电视接收机-电子管--检修
电子资源:
ISBN:
000 00858nam2 2200301 45
001 0181004260
005 20060813170212.01
010    @dCNY0.78
091    @a15045.总2473-无6134
100    @a19950614d1981 em y0chiy0121 ea
101 0  @achi
102    @aCN@b110000
105    @ay z 000yy
200 10 @a电子管电视接收机检修@Adian zi guan dian shi jie shou ji jian xiu@f郑浩, 魏华编
210    @a北京@c人民邮电出版社@d1981
215    @a312页@d19cm
225 2  @a无线电爱好者丛书
410  0 @120010@a无线电爱好者丛书
606 0  @a电视@x各种体制
606    @a电子管-电视接收机@x检修
606    @a电视接收机-电子管@x检修
690    @aTN949.7@v3 
690    @aTN949.1@v3
701  0 @a郑浩@Azheng hao@4编
701  0 @a魏华@Awei hua@4编
801  0 @aCN@b上海图书馆@c20060813
801  2 @aCN@bNLC@c20060722
905    @dTN949.1@e22@f1@b49987
    
    电子管电视接收机检修/郑浩, 魏华编.-北京:人民邮电出版社,1981
    312页;19cm.-(无线电爱好者丛书)
    
    
    ISBN :CNY0.78
    
●
相关链接 在E读中查询图书 在五车中查询图书 在当当中查询图书 在豆瓣中查询图书


正题名:电子管电视接收机检修     索取号:TN949.1/22         预约/预借

序号 登录号 条形码 馆藏地/架位号 状态 备注
1 0049987   001325621   第三借阅区/ [索取号:TN949.1/22] 在馆    
2 0049988   001325587   第三借阅区/ [索取号:TN949.1/22] 在馆    
3 0161753   202103375   第二样本阅览室/ [索取号:TN949.1/22] 在馆    
4 0437391   204373917   密集书库/ [索取号:TN949.1/22] 在馆    
5 0438095   204380954   密集书库/ [索取号:TN949.1/22] 在馆    
6 0452696   204526968   密集书库/ [索取号:TN949.1/22] 在馆    
唐山师范学院图书馆 欢迎您!
大连网信软件有限公司© 版权所有